| 000 | 01238cam a22003977a 4500 | ||
|---|---|---|---|
| 003 | CHAP | ||
| 005 | 20220817043137.0 | ||
| 008 | 971013s1966 r 00010 d | ||
| 010 | _a66760 | ||
| 011 | _a67732 | ||
| 035 | _a77204 | ||
| 040 | _cCHAP | ||
| 082 |
_a338.14 _bF43 |
||
| 110 | _aFAO | ||
| 245 | 0 |
_aAgricultural marketing boards their establishment and operation _c/by FAO |
|
| 260 |
_aRome : _bFAO, _c1966. |
||
| 300 |
_a236 p. _b: ilus. |
||
| 410 | 0 | 0 | _aFAO |
| 490 | 0 |
_aGuías de mercadeo _v; 5 |
|
| 590 |
_aBATCH-UPD _b10 _c20130110 _lUCH01 _h0544 |
||
| 590 |
_aBATCH-UPD _b10 _c20130110 _lUCH01 _h2339 |
||
| 590 |
_aBATCH-UPD _b10 _c20130410 _lUCH01 _h0225 |
||
| 590 |
_aBATCH-UPD _b10 _c20130410 _lUCH01 _h1628 |
||
| 590 |
_aBATCH-UPD _b10 _c20130914 _lUCH01 _h0004 |
||
| 590 |
_aBATCH-UPD _b10 _c20130914 _lUCH01 _h1939 |
||
| 590 |
_aCONVERSION _b10 _c20130109 _lUCH01 _h1337 |
||
| 650 | 1 | 4 |
_aAgricultura cooperativa. _91945 |
| 650 | 1 | 4 |
_aProductos agrícolas _xMercadeo. _991951 |
| 700 | 0 |
_aAbbott, John Cane. _9165 |
|
| 700 | 0 |
_aCrecipelandt, H. C. _928874 |
|
| 810 | 0 | _aFAO | |
| 830 | 0 | 0 |
_aGuías de mercadeo _v; 5 _951507 |
| 901 | _aBK | ||
| 942 | _cLIBRO | ||
| 949 |
_a338.14 F43 _bBC _cFAO _d772041 _eFAO1 _h72800 _i77204 _si |
||
| 999 |
_c66760 _d66760 |
||